Növényi kis molekulasúlyú nukleáris RNS-ek izolálása és részleges jellemzése

Elmentve itt :
Bibliográfiai részletek
Szerző: Tóth Márta
További közreműködők: Solymosi Ferenc (Témavezető)
Dokumentumtípus: Disszertáció
Megjelent: 1984
Kulcsszavak:Genetika
Tárgyszavak:
Online Access:http://doktori.ek.szte.hu/6038
LEADER 00709nta a2200205 i 4500
001 dokt6038
005 20220630150352.0
008 220630s1984 hu om 0|| hun d
040 |a SZTE Doktori Repozitórium  |b hun 
041 |a hun 
100 1 |a Tóth Márta 
245 1 0 |a Növényi kis molekulasúlyú nukleáris RNS-ek izolálása és részleges jellemzése  |h [elektronikus dokumentum] /  |c  Tóth Márta 
260 |c 1984 
502 |a Disszertacio 
650 4 |a biológiai tudományok 
650 4 |a Természettudományok 
650 4 |a Biológiai tudományok 
695 |a Genetika 
700 1 |a Solymosi Ferenc  |e ths 
856 4 0 |u https://doktori.bibl.u-szeged.hu/id/eprint/6038/1/1985_toth_marta.pdf  |z Dokumentum-elérés